Trastorno límite de la personalidad y su vinculación con los delitos contra la libertad sexual y otros (Registro nro. 21746)

Detalles MARC
000 -Cabecera
Campo de control interno 00853nam a2200229Ia 4500
005 - Fecha y hora del registro
control field 20260407122427.0
008 - Elementos de Longitud Fija
fixed length control field 260320s9999||||xx |||||||||||||| ||und||
020 ## - ISBN
ISBN 9786124881565
041 ## - Idioma
Codigo Idioma ESP
082 ## - DEWEY y NOTACIÓN INTERNA
Dewey 344.522
Notación Interna O41
100 ## - AUTOR
Autor denominación Olarte Sotomayor, Midwar,
Término de relación autor
245 #0 - TÍTULO DE MATERIAL BIBLIOGRÁFICO
Título Trastorno límite de la personalidad y su vinculación con los delitos contra la libertad sexual y otros
250 ## - EDICIÓN
Edición Primera edición
260 ## - CIUDAD, EDITORIAL, AÑO
Ciudad Lima :
Nombre de la Editorial CEMAR,
Año 2024
300 ## - DESCRIPCIÓN
N° Páginas 215 páginas :
Dimensiones 21 cm.
650 ## - TEMAS
Temas Ciencias Sociales
653 ## - DESCRIPTORES
Lenguajes no controlado Derecho penal; Delitos sexuales; Delitos contra la libertad sexual; Transtorno límite de personalidad; Jurisprudencia penal
654 ## - PROGRAMAS
Programa Dpto. de Derecho y Ciencia Política
856 ## - URL - UBICACIÓN
URI/URL: Enlace exacto del recurso <a href="https://palestra-tirantonline-com.ucsp.lookproxy.com/base/per">https://palestra-tirantonline-com.ucsp.lookproxy.com/base/per</a>
Nota pública: Versión digital <a href="Véase además: Base de datos Tirant Palestra">Véase además: Base de datos Tirant Palestra</a>
942 ## - ELEMENTOS DE KOHA
Tipo de documento Libro
Nombre del creador Justo Noguera
Código de catalogador Margarita Torres
Esquema de clasificación Dewey Decimal Classification
Existencias
Codigo completo Registro Colección Copia número Disponibilidad Tipo de préstamo Biblioteca Actual Procedencia (Biblioteca) Ubicacón Fecha Ingreso Tipo de Adquisición Date last seen Total checkouts Price effective from Tipo de Item Estado del Material Fuente de Clasificación Damaged status Withdrawn status
344.522 O41 1085299 Universidad Católica San Pablo 1 Disponible Disponible Víctor Andrés Belaunde Víctor Andrés Belaunde Primer piso 07/04/2026 Suscripción 07/04/2026   07/04/2026 Libro Bueno Dewey Decimal Classification